Normal view MARC view
  • Rachmanmat

Entry Personal Name

Number of records used in: 1

001 - CONTROL NUMBER

  • control field: 176

003 - CONTROL NUMBER IDENTIFIER

  • control field: OSt

005 - DATE AND TIME OF LATEST TRANSACTION

  • control field: 20170413141315.0

008 - FIXED-LENGTH DATA ELEMENTS

  • fixed length control field: 170413|| aca||aabn | a|a d

040 ## - CATALOGING SOURCE

  • Original cataloging agency: OSt
  • Transcribing agency: OSt

100 ## - HEADING--PERSONAL NAME

  • Personal name: Rachmanmat

670 ## - SOURCE DATA FOUND

  • Source citation: Work cat.: (OSt)0: Rachmanmat, Dr. Mahathir sebelum dan sesudah Timbalan Perdana Menteri /, 1976
Pusat Sumber Maklumat Dato' Haji Sarmin Md Hussin, Akademi Kastam Diraja Malaysia, Melaka
Tel: 06-2331106 | Faks: 06-2313787